00509nam a22001337a 4500008004100000020001500041050002700056245016800083260003300251300002100284440003200305700001900337800001900356140902b xxu||||| |||| 00| 0 eng d a0406090165 aKD275.L39 (1873 vol.6) aThe Law Reports (1873 vol.6) English and Irish Appeal: English and Irish Appeal Cases and claims of Peerage before the House of Lords. /cReported by Charles Clark aLondon:bButterworth,c1873. avi, 472p.c24cm. pAppeal cases, 1873.vVol. 6 aClark, Charles aClark, Charles